000 00294nam a2200109Ia 4500
008 230907s9999||||xx |||||||||||||| ||und||
082 _a621.3102855,APP
100 _aKnapp, Eric D.
_9115225
245 0 _aApplied cyber security and the smart grid :
300 _axxii, 202 pages :
942 _cBK
999 _c597892
_d597892